Multiple Choice City Quiz – Brasilia - Statistics

General Stats
  • This quiz has been taken 74 times
    43 since last reset
  • The average score is 7 of 10
Answer Stats
Question Answer % Correct
What was the capital of Brazil before Brasilia? Rio de Janeiro
84%
Which of these is Brasilia's flag?
82%
Brasilia was designed to resemble what shape when viewed from above? An airplane
82%
Brasilia is located in which Brazilian state/federation unit? Distrito Federal
82%
What is the primary reason for the construction of Brasilia? To relocate the capital to a more central location
79%
Which Brazilian president was responsible for the construction of Brasilia? Juscelino Kubitschek
71%
Brasilia's urban planning is based on which architectural and urbanism movement? Modernism
68%
What is the name of Brasilia's football stadium, which hosted World Cup games in 2014? Mané Garrincha
63%
What year was Brasilia officially inaugurated as the capital of Brazil? 1960
61%
What is the name of the artificial lake located in Brasília? Lake Paranoá
50%
No matching quizzes found
Score Distribution
Percent of People with Each Score
Percentile by Number Answered
Your Score History
You have not taken this quiz since the last reset